000 00983 a2200181 4500
003 Nust
005 20230123091454.0
040 _cNust
082 _a370.1965,MCK
100 _aMcKown, Harry
_9107329
245 _aAudio visual aids to instruction /
_cHarry C. McKown and Alvin B. Roberts
250 _a2nd
260 _aNew York
_bMc Graw-Hill Company
_c1949
300 _a608
505 _aPsychology and Education (Page-9) Fundamentals Hypotheses (Page-21), The Power of the Mind (Page-43), Instinct and Emotions (Page-53), Heredity and Evolution (Page-76), Broad Features of Human Behavior (Page-96), Products of Development (Page-118), Stages of Development (Page-139), Mental Conflict (Page-155), Attention and Interest (Page-169), Memory (Page-184), Thinking and Reasons (Page-196), The Measurement of the Mind (Page-219), The Type In Education (Page-241), The Psychology of the Group (Page-248).
650 _aAudio Visual aids
_9107330
942 _2ddc
_cBK
_k370.1965,MCK
999 _c185787
_d185787